000 00398nam a2200121Ia 4500
008 250110s9999 xx 000 0 und d
041 _aeng
100 _aChavan Priyanka
_9182655
245 _aEnhance Indoor Air Quality And Thermal Comfort Throug Natural Ventilation In Restaurants
260 _bM.Arch Environmental, Pune
_c2014
300 _a150p
700 _aGuide Name:Kulkarni Prajakta
_9210330
999 _c363522
_d363522